000 00586cam a22001451 4500
082 _a357.2
_bMCT
_cD
100 1 _aMcTaggart, M. F.
_949676
245 1 0 _aMount and man;
_ba key to better horsemanship,
_cby Lieut.-Col. M. F. McTaggart, with a foreword by Field-Marshal Viscount Allenby, illustrations by Lionel Edwards.
260 _aLondon,
_bCountry life ltd.;
_aNew York,
_bC. Scribner's sons,
_c1925.
300 _axvi, 135 p.
_bfront., illus., XXVI pl.
_c26 cm.
526 _a0
_b0
_c0
_d357_200000000000000_MCT
650 0 _aHorsemanship.
_949677
650 0 _aMCE
_9379
942 _2ddc
_cBK
999 _c552463
_d552463